Theory and problems of electromagnetics

Gardado en:
Detalles Bibliográficos
Autor Principal: Edminister, Joseph A (Author)
Formato: Libro
Idioma:inglés
Publicado: Nueva York McGraw-Hill 1993
Edición:2a. ed
Series:Schaum's Outlines
Subjects:
Tags: Engadir etiqueta
Sen Etiquetas, Sexa o primeiro en etiquetar este rexistro!

MARC

LEADER 00000nam a2200000 a 4500
001 UCL7679
003 CL-VaPUC
008 040528e19930000US |||||||||||||||||eng|d
020 |a 0070189935 
082 0 4 |a 537  |b EDM  |2 21 
100 0 |a Edminister, Joseph A  |e author  |9 485527 
245 1 0 |a Theory and problems of electromagnetics 
250 |a 2a. ed 
300 |a 338 p 
942 |c BK 
945 |d 20040528 00:00:00  |a cmena 
260 |a Nueva York  |b McGraw-Hill  |c 1993 
650 0 |a Electromagnetismo   |9 260123 
650 7 |a CAMPOS ELECTRICOS  |2 CL-VaPUC  |9 485528 
650 0 |a Energía eléctrica  |9 256678 
650 0 |a Propagación de ondas  |9 263256 
583 |a last modification  |c 20040528 00:00:00  |k Rodrigo Vera 
490 0 |a Schaum's Outlines 
999 |c 309305  |d 309303 
952 |0 0  |1 0  |4 0  |6 537_000000000000000_EDM_1993  |7 0  |8 A  |9 376723  |a BIBCUR  |b BIBCUR  |d 2019-11-21  |i 4020936  |o 537 EDM 1993  |p 4020936  |r 2025-04-22  |w 2019-11-21  |y BK  |k FIS